000 00532cam a2200181ua 4500
001 3181
008 111012n ii |||gr||||Z||||||asm
040 _cMAIN
082 _a891.4513
100 1 _aMishra, Krishna Kumar,
245 1 1 _aBirinchi Kumar Baruah aru Prafulla Dutta Goswamir Upanyas
_cby Krishna Kumar Mishra
250 _a3rd.
260 _aJoysagarh:
_bPrava Prakashani,
_c2001.
300 _a138p:
_c23cm.
653 _aAssamese novel
653 _aBirinchi Kumar Baruah aru Prafulla Dutta Goswamir Upanyas
942 _cBK
999 _c3027
_d3027